Only Yesterday : An Informal History of the Nineteen-Twenties /

Kaydedildi:
Detaylı Bibliyografya
Yazar: Allen, Frederick Lewis (autor)
Materyal Türü: Kitap
Dil:İngilizce
Baskı/Yayın Bilgisi: Nueva York, EUA : Harper and Row, 1964, c1959
Etiketler: Etiketle
Etiket eklenmemiş, İlk siz ekleyin!

MARC

LEADER 00000nam^a2200000^a^4500
001 000432156
005 20250526000000.0
009 20260310123008.201
037 |a Acervo ITESO - Biblioteca 
041 |a ING 
091 |a FHM. 05877 
100 |a Allen, Frederick Lewis  |e (autor) 
245 1 0 |a Only Yesterday :  |b An Informal History of the Nineteen-Twenties / 
264 4 |a Nueva York, EUA :  |b Harper and Row,  |c 1964, c1959 
300 |a VIII, 312 p. ;  |c 18.0 cm. 
336 |a texto  |b txt  |2 rdacontenido 
337 |a sin mediación  |b n  |2 rdamedio 
338 |a volumen  |b nc  |2 rdasoporte 
649 |a XX 
910 |a Fondo Hugo B. Margáin 
920 |a Impresos - Libros 
930 |a Libros Antiguos y Raros 
905 |a 126 
901 |a 0500315748  |b IT2  |c LRA  |i D106359  |u 20250526 
902 |a https://opac.biblio.iteso.mx/vufind/Record/000432156